000 00816nas a2200241 4500
001 BR8500615
003 BR-BrBNA
005 20231205090113.0
007 ta
008 230509b bl.|||p| |||| 00| 00por d
040 _aBR-BrBNA
_bpor
_cBiblioteca Nacional de Agricultura
041 _a(Pt)
072 _aH10
100 1 _aStoropoli Neto, A.
100 1 _aPavan, C.
245 1 _aNovo metodo de criacao de cigarrinhas-das-pastagens (Homoptera: Cercopidae)[Deois sp.]
246 1 _aA new method for rearing spittlebugs (Homoptera: Cercopidae)[Deois sp.]
650 _aCIGARRINHA DAS PASTAGENS
650 _aBIOLOGIA
773 0 _tPesquisa Agropecuaria Brasileira (Brazil)
_xISSN 0100-204X
_g(Oct 1984), v. 19(10) p. 1185-1196
_wBR8500615
909 _a202311
_bLúcia
_c55
_dLúcia Elande
942 _2AGRIS
_n0
_cANA
999 _c116170
_d116170